Responses for Show #869 - Thursday, May 19, 1988

1988 Senior Tournament final game 1.

Contestants

[<< previous game]

Peggy Kennedy, a forensic toxicologist from Menands, New York

Joan Erickson, a writer and professional dog walker from Glen Mills, Pennsylvania

Louise Reyburn Dice, a farmer and writer from Taos, New Mexico

[next game >>]

Jeopardy! Round responses

OLD TESTAMENT
SOUTH DAKOTA
MEDICAL INITIALS
LINDBERGH'S FLIGHT
PASTA
BIG BAND THEMES
    $100 9
Samson

Joan
    $100 21
Teddy Roosevelt

Joan
    $100 2
rapid eye motion (movement)

Louise
    $100 19
Eagle

Louise
    $100 17
dough

Peggy
    $100 26
(Joan: Who is Benny Goodman?)
(Louise: Who is Tommy Dorsey?)
(Peggy: I haven't the foggiest.)
(Louise: Can I have another chance?)
(Alex: That was the "Moonlight Serenade" by [*].)

Glenn Miller

LouiseJoan
Triple Stumper
    $200 10
Joseph

Joan
    $200 22
Black Hills

Louise
    $200 5
heart rate

Louise
    $200 1
Smithsonian

Peggy
    $200 13
spinach

Louise
    $200 27
(Alex: "Minnie the Moocher", that's right.)
[The end of the round sound signals.]

Cab Calloway

Louise
    $300 11
Job

Joan
    $300 23
Calamity Jane & Wild Bill Hickok

Joan
    $300 6
(1 of) ice (rest, compression, elevation)

Peggy
    $300 3
St. Louis

Peggy
    $300 14
al dente

Louise
    $400 12
bones

Louise
    $400 24
(Alex: We've got a minute to go.)

Badlands (Wind Cave)

Joan
    $400 7
in vitro fertilization

Peggy
    $400 4
(Louise: What is Newark?)

Roosevelt Field on Long Island

Louise
Triple Stumper
    $400 15
durum

Joan
    $500 16
Moses

Triple Stumper
    $500 25
geographical center of the U.S.A.

Joan
    $500 8
computer, computer-aided (computerized)

Peggy
    $500 20
(Louise: What is the Air Medal?)
(Alex: No, sorry.)
(Louise: Darn!)

(Distinguished) Flying Cross

LouisePeggy
    $500 18
vermicelli

Peggy

Scores at the first commercial break (after clue 12):

Louise Joan Peggy
$300 $600 $1,700

Scores at the end of the Jeopardy! Round:

Louise Joan Peggy
$700 $2,200 $2,800

Double Jeopardy! Round responses

CONSTITUTIONAL CONVENTION
ARCHAEOLOGY
MAMMALS
AMERICAN AUTHORS
BRITISH MONARCHS
UNUSUAL PLURALS
    $200 11
George Washington

Peggy
    $200 26
Ethiopia

Louise
    $200 13
chew their cud

Joan
    $200 25
Huckleberry Finn

Joan
    $200 6
Catholic

Joan
    $200 4
auditoria

Louise
    $400 12
Benjamin Franklin

Peggy
    $400 27
Stonehenge

Peggy
    $400 17
teeth

Peggy
    $400 24
Longfellow

Joan
    $400 7
Richard the Lion-Hearted

Louise
    $400 3
indices

Peggy
    $600 14
Jefferson

Joan
    $600 28
(prehistoric) cave paintings

Peggy
    $600 18
eat

Peggy
    $600 23
Ogden Nash

Louise
    $600 8
Arthur

Louise
    $600 1
seraphim

Louise
    $800 15
Adams

Joan
    $1,000 29
anthropology

Peggy
    $800 19
Equus

Peggy
    $800 22
The Heart is a Lonely Hunter

Joan
    $1,500 9
(1 of) Harold (Canute or Harthacnut)

Louise
    $800 2
genii

Peggy
    $1000 16
(Joan: Who is Gouverneur Morris?)

Alexander Hamilton

Joan
Triple Stumper
    $1000 30
(Heinrich) Schliemann

Peggy
    $1000 20
rookery

Louise
    $1000 21
Edith Wharton

Louise
    $1000 10
(Louise: Who is Richard III?)

Richard II

LouiseJoan
    $1000 5
(Louise: What is geee...nie?)

genera

LouisePeggy

Scores at the end of the Double Jeopardy! Round:

Louise Joan Peggy
$4,800 $5,400 $10,400

Final Jeopardy! Round responses

THE NOBEL PRIZE
LouiseWho are Ralph Bunche and the other one
$100
JoanWho are Ralph Bunch & Martin Luther King?
$1,600
PeggyWho are Ralph Bunche and Martin Luther King
$1,000
Ralph Bunche & Martin Luther King

Final scores:

Louise Joan Peggy
$4,700 $7,000 $11,400

Game dynamics:

Coryat scores:

Louise Joan Peggy
$4,100 $5,400 $10,200
17 R
(including 1 DD),
5 W
16 R,
2 W
20 R
(including 2 DDs),
0 W

Combined Coryat: $19,700

[game clues] [game scores] [suggest correction]

Game tape date: 1988-03-02
The J! Archive is created by fans, for fans. Scraping, republication, monetization, and malicious use prohibited; this site may use cookies and collect identifying information. See terms. The Jeopardy! game show and all elements thereof, including but not limited to copyright and trademark thereto, are the property of Jeopardy Productions, Inc. and are protected under law. This website is not affiliated with, sponsored by, or operated by Jeopardy Productions, Inc. Join the discussion at JBoard.tv.